Communauté d'agglomération Béthune-Bruay Artois-Lys Romane - Statistiques

Statistiques générales
  • Ce quiz a été pris 40 fois
  • Le résultat moyen est 20 sur 100
Réponses sur la Carte
Les réponses sont colorées sur une échelle allant du rouge au vert en fonction du pourcentage des utilisateurs qui les ont devinées à leur premier essai. Vous pouvez retrouver ces pourcentages ci-dessous.
 
Statistiques - réponses
Communes % Correct
Béthune
97%
Bruay la Buissière
81%
Annezin
74%
Noeux les Mines
71%
Beuvry
68%
Fouquières lès Béthune
55%
Auchel
52%
Lillers
52%
Hinges
48%
Locon
48%
Verquin
45%
Chocques
39%
La Couture
39%
Gonnehem
35%
Houdain
35%
Vendin lès Béthune
35%
Verquigneul
35%
Auchy les Mines
32%
Marles les Mines
32%
Richebourg
32%
Vermelles
32%
Isbergues
29%
Allouagne
26%
Essars
26%
Festubert
26%
Fouquereuil
26%
Hersin Coupigny
26%
Lapugnoy
26%
Saint Venant
26%
Barlin
23%
Busnes
23%
Calonne sur la Lys
23%
Cuinchy
23%
Divion
23%
Haillicourt
23%
Labeuvrière
23%
Robecq
23%
Vaudricourt
23%
Violaines
23%
Burbure
19%
Labourse
19%
Annequin
16%
Douvrin
16%
Ham en Artois
16%
Mont Bernanchon
16%
Oblinghem
16%
Ames
13%
Cambrin
13%
Guarbecque
13%
Haisnes
13%
Neuve Chapelle
13%
Noyelles lès Vermelles
13%
Ruitz
13%
Sailly Labourse
13%
Vieille Chapelle
13%
Amettes
10%
Beugin
10%
Billy Berclau
10%
Bourecq
10%
Calonne Ricouard
10%
Estrée Blanche
10%
Ferfay
10%
Fresnicourt le Dolmen
10%
Gauchin Légal
10%
Houchin
10%
Linghem
10%
Ourton
10%
Rebreuve Ranchicourt
10%
Saint Floris
10%
Auchy au Bois
6%
Bajus
6%
Blessy
6%
Camblain Châtelain
6%
Cauchy à la Tour
6%
Diéval
6%
Drouvin le Marais
6%
Gosnay
6%
Hesdigneul lès Béthune
6%
Lorgies
6%
Lozinghem
6%
Maisnil lès Ruitz
6%
Mazinghem
6%
Norrent Fontes
6%
Rely
6%
Rombly
6%
Saint Hilaire Cottes
6%
Caucourt
3%
Ecquedecques
3%
Estrée Cauchy
3%
Givenchy lès la Bassée
3%
Hermin
3%
La Comté
3%
Lambres
3%
Lespesses
3%
Lières
3%
Liettres
3%
Ligny lès Aire
3%
Quernes
3%
Westrehem
3%
Witternesse
3%
Aucun quiz correspondant
Distribution des résultats
% des personnes avec chaque résultat
Percentile par nombre de réponses
Votre historique - résultats
Vous n’avez pas pris ce quiz